| 000 | 00399nam a2200145Ia 4500 | ||
|---|---|---|---|
| 008 | 231129s2015||||xx |||||||||||||| ||spa|| | ||
| 020 | _a978-958-14-1450-5 | ||
| 040 | _bspa | ||
| 082 | _a(i) 823 W133ó | ||
| 100 | _aWagner Jenny | ||
| 245 | 0 | _aOscar y la gata de medianoche | |
| 260 | _c2015 | ||
| 264 | _aBogotá Colombia : Plaza & Janés | ||
| 942 |
_2ddc _cBKS |
||
| 999 |
_c22225 _d22225 |
||